000 01836nam a22002657a 4500
999 _c63424
_d63424
003 Ge_BSU
005 20251007183821.0
008 251007s2021 ge ||||| |||| 00| 0 geo d
020 _a9789941958984
041 _ageo
080 _a005.21 H-24
245 _aHBR-ის გზამკვლევი სტრატეგიული ინიციატივების მართვაში :
_bმართე თავდაჯერებულად, დაძლიე დაბრკოლებები, დანერგე სტრატეგია /
_cმთარგმნელები: ეკატერინე სუმბათაშვილი, თამთა ჭალიძე; სამეცნიერო რედაქტორი ანი გაგუა; რედაქტორი ნინო გოგალაძე; დიზაინერი თამარ ჭაბუკიანი.
264 _aთბილისი :
_b Harward Businnes Review Press,
_c2021.
300 _a242 გვ. ;
_b23 სმ.
490 _aმეტი, ვიდრე გზამკვლევი
653 _aმართვა
653 _aდაბრკოლებების დაძლევა
653 _aსტრატეგია
700 _aსუმბათაშვილი, ეკატერინე
_eმთარგმნელი
_9260
700 _aჭალიძე, თამთა
_eმთარგმნელი
_925950
700 _aგაგუა, ანი
_e სამეცნიერო რედაქტორი
_925951
700 _aგოგალაძე, ნინო
_eრედაქტორი
_912334
700 _aჭაბუკიანი, თამარ
_eდიზაინერი.
_925952
942 _2udc
_cᲬᲘᲒᲜᲘ